000 00623nam a2200193Ii 4500
003 JO-AjNU
008 230605s9999||||xx |||||||||||||| ||und||
040 _aJO-AjNU
_bara
_erda
_cJO-AjNU
041 _aara
050 1 4 _aQH431.2003
100 3 _aاندرسون ، والتر تروت,
_eauthor
_912864
245 0 0 _aعصر الجينات والالكترونات
264 3 1 _aعمان:مكتبة الاسرة ،2003
300 _a318ص
336 _atext
_btxt
_2rdacontent
337 _aunmediated
_bn
_2rdamedia
338 _avolume
_bnc
_2rdacarrier
650 4 _aالجينات -الهندسة الوراثية
_912865
999 _aA3053
_c6621
_d6621